| 000 | 00377nam a22001337a 4500 | ||
|---|---|---|---|
| 020 | _a0070529035 | ||
| 040 | _aNUST | ||
| 082 | _a621.39732 | ||
| 100 |
_aRazavi Behzad _915115 |
||
| 245 | _aDesign of Analog CMOS Integrated Circuits | ||
| 260 |
_aNew Dehli: _bTata McGraw-Hill Company; _c2001. |
||
| 610 |
_aDesign of Analog CMOS Integrated Circuits _9124543 |
||
| 942 |
_2ddc _cBK |
||
| 999 |
_c610368 _d610368 |
||